000 00660nam a2200241Ia 4500
005 20231121100217.0
008 131103s9999 xx 000 0 und d
020 _a8121202663
_cRs 125
040 _aLoreto College
041 _aEnglish
082 _a323
_bTAL
100 _aTalwar, Rajesh
245 4 _aThe Third Sex and Human Rights
_cRajesh Talwar
260 _aNew Delhi
_bGyan Publishing House
_c1999
300 _a216p
504 _aIncludes bibliography and index
630 _aGender Studies
630 _aThird Sex Studies
650 _aHuman Rights and the Third Sex
651 _aTranssexual Studies
850 _aLCLIB
942 _cBK
999 _c17800
_d68279